|
|
|
|
| LEADER |
00000nkmaa2200000 a 4500 |
| 001 |
vtls011718207 |
| 003 |
SK-MaSNL |
| 005 |
20260331210909.0 |
| 007 |
kh bo |
| 008 |
230802e1983 xo | ||00 k|slo |
| 035 |
|
|
|a urn:nbn:sk:snk-km00ejvr
|
| 035 |
|
|
|a urn:nbn:sk:snk-km45vmv
|
| 035 |
|
|
|a DF09BB25-2FDE-4E02-87FB-2F9739F4C02E
|
| 040 |
|
|
|a SNKLA
|b slo
|c SNKLA
|e AACR2
|
| 041 |
0 |
|
|a slo
|
| 044 |
|
|
|a xo
|c SK
|
| 100 |
1 |
|
|a Lašut, Filip,
|d 1945-2012
|4 pht
|9 151668
|
| 245 |
1 |
0 |
|a [Slávnosť 100. výročia úmrtia Sama Chalupku v Krpáčove]
|h grafika
|
| 260 |
|
|
|a [S.l.
|b s.n.]
|c 1983
|
| 300 |
|
|
|a 1 fotografia
|b čb
|c 18 x 13 cm
|
| 520 |
2 |
|
|a Zobrazenie: Pohľad na účastníkov konferencie o živote a diele Sama Chalupku konanej pri príležitosti 100. výročia jeho úmrtia v Krpáčove pri Banskej Bystrici,19.-21.5.1983. Na obr.: v popredí zľava Vladimír Mináč, Oskár Čepan, Edmund Hleba, sprava Pavol Vongrej, Helena Pálková a iní.
|
| 600 |
1 |
7 |
|a Chalupka, Samo,
|d 1812-1883
|2 SNKMA
|9 37007
|
| 600 |
1 |
7 |
|a Mináč, Vladimír,
|d 1922-1996
|2 SNKMA
|9 103107
|
| 600 |
1 |
7 |
|a Čepan, Oskár,
|d 1925-1992
|2 SNKMA
|9 205365
|
| 600 |
1 |
7 |
|a Hleba, Edmund,
|d 1926-2011
|2 SNKMA
|9 169917
|
| 600 |
1 |
7 |
|a Vongrej, Pavol,
|d 1935-2001
|2 SNKMA
|9 5970
|
| 600 |
1 |
7 |
|a Pálková, Helena
|2 SNKLA
|9 8318
|
| 611 |
2 |
7 |
|a slávnosť 100. výročia úmrtia Sama Chalupku
|d 1983
|c Krpáčovo, Slovensko
|9 349869
|
| 650 |
0 |
7 |
|a konferencie
|2 SNKPH
|9 19221
|
| 651 |
|
7 |
|a Krpáčovo (Slovensko : rekreačné stredisko)
|2 SNKLA
|9 64116
|
| 655 |
|
7 |
|a fotografie
|2 SNKPH
|9 70713
|
| 852 |
7 |
|
|a Slovenská národná knižnica
|b Literárny archív
|
| 958 |
|
|
|a ZO
|
| 958 |
|
|
|a BLA
|
| 999 |
|
|
|c 595103
|d 597033
|
| 952 |
|
|
|a SNKLA
|b SNKLA
|c SNKLA_DEP
|y NEVYP
|7 0
|p 17A1226786
|o snkK 5/48
|i snkLA 5654/1984
|0 0
|1 0
|4 0
|d 2017-10-31
|f 1
|l 0
|r 2026-02-23 15:36:32
|w 2026-02-23
|